Loading...
| Current Events | 3 | 23.33 | 100% | 100% | 33% |
| Fine Arts - Classical Music | 4 | 10.00 | 50% | 25% | 25% |
| Fine Arts - Other | 3 | 23.33 | 100% | 100% | 33% |
| Fine Arts - Painting and Sculpture | 4 | 15.00 | 100% | 25% | 25% |
| Geography | 2 | 20.00 | 100% | 50% | 50% |
| History - American | 3 | 30.00 | 100% | 100% | 100% |
| History - European | 2 | 20.00 | 100% | 100% | 0% |
| History - Other | 5 | 16.00 | 100% | 60% | 0% |
| History - World | 3 | 23.33 | 100% | 33% | 100% |
| Literature - American | 4 | 15.00 | 100% | 25% | 25% |
| Literature - British | 6 | 16.67 | 100% | 67% | 0% |
| Literature - European | 6 | 20.00 | 100% | 83% | 17% |
| Literature - World | 2 | 20.00 | 100% | 100% | 0% |
| Mythology | 3 | 16.67 | 100% | 67% | 0% |
| Philosophy | 2 | 15.00 | 100% | 50% | 0% |
| Popular Culture | 2 | 25.00 | 100% | 100% | 50% |
| Religion | 5 | 24.00 | 100% | 80% | 60% |
| Science - Biology | 4 | 10.00 | 100% | 0% | 0% |
| Science - Chemistry | 7 | 8.57 | 86% | 0% | 0% |
| Science - Other | 5 | 12.00 | 80% | 20% | 20% |
| Science - Physics | 2 | 10.00 | 100% | 0% | 0% |
| Social Science | 6 | 20.00 | 100% | 67% | 33% |